000 00284nam a22001337a 4500
008 230911b ||||| |||| 00| 0 eng d
041 _aeng
080 _a521
082 _a521SEC
100 _a19
101 _aASTRO
245 _aRICERCHE ASTRONOMICHE
_cSECCHI.A
942 _2udc
_cBK
999 _c60305
_d60305